<?xml version="1.0" encoding="UTF-8"?>
<record
    xmlns:xsi="http://www.w3.org/2001/XMLSchema-instance"
    xsi:schemaLocation="http://www.loc.gov/MARC21/slim http://www.loc.gov/standards/marcxml/schema/MARC21slim.xsd"
    xmlns="http://www.loc.gov/MARC21/slim">

  <leader>00616nam a22001937a 4500</leader>
  <controlfield tag="008">230310b        |||||||| |||| 00| 0 eng d</controlfield>
  <datafield tag="022" ind1=" " ind2=" ">
    <subfield code="a">1048-9711</subfield>
  </datafield>
  <datafield tag="040" ind1=" " ind2=" ">
    <subfield code="a">National Science Library</subfield>
    <subfield code="c">National Science Library</subfield>
  </datafield>
  <datafield tag="080" ind1=" " ind2=" ">
    <subfield code="a">D 025.43LCSH</subfield>
    <subfield code="b">N8.1</subfield>
  </datafield>
  <datafield tag="245" ind1=" " ind2=" ">
    <subfield code="a">Library of congress subject headings</subfield>
    <subfield code="c">/ Prepared by the cataloging policy and support office, library services</subfield>
  </datafield>
  <datafield tag="250" ind1=" " ind2=" ">
    <subfield code="a">21st ed. </subfield>
  </datafield>
  <datafield tag="260" ind1=" " ind2=" ">
    <subfield code="a">Washington: </subfield>
    <subfield code="b">Library of Congress, </subfield>
    <subfield code="c">1998</subfield>
  </datafield>
  <datafield tag="300" ind1=" " ind2=" ">
    <subfield code="a">1453p. </subfield>
  </datafield>
  <datafield tag="500" ind1=" " ind2=" ">
    <subfield code="a">Vol. 1 (A-C)
</subfield>
  </datafield>
  <datafield tag="650" ind1=" " ind2=" ">
    <subfield code="a">Library science</subfield>
  </datafield>
  <datafield tag="653" ind1=" " ind2=" ">
    <subfield code="a">Cataloging</subfield>
  </datafield>
  <datafield tag="653" ind1=" " ind2=" ">
    <subfield code="a">Subject heading</subfield>
  </datafield>
  <datafield tag="942" ind1=" " ind2=" ">
    <subfield code="2">udc</subfield>
    <subfield code="c">REF</subfield>
  </datafield>
  <datafield tag="999" ind1=" " ind2=" ">
    <subfield code="c">7344</subfield>
    <subfield code="d">7344</subfield>
  </datafield>
  <datafield tag="952" ind1=" " ind2=" ">
    <subfield code="0">0</subfield>
    <subfield code="1">0</subfield>
    <subfield code="2">udc</subfield>
    <subfield code="4">0</subfield>
    <subfield code="6">D_02543LCSH_N81</subfield>
    <subfield code="7">0</subfield>
    <subfield code="9">10495</subfield>
    <subfield code="a">NSL</subfield>
    <subfield code="b">NSL</subfield>
    <subfield code="c">GF/Rk-2/C-14/R-6</subfield>
    <subfield code="d">1999-05-12</subfield>
    <subfield code="h">Vol.1, 1988</subfield>
    <subfield code="l">0</subfield>
    <subfield code="o">D 025.43LCSH N8.1</subfield>
    <subfield code="p">178506</subfield>
    <subfield code="r">2023-03-10 00:00:00</subfield>
    <subfield code="w">2023-03-10</subfield>
    <subfield code="y">REF</subfield>
  </datafield>
  <datafield tag="952" ind1=" " ind2=" ">
    <subfield code="0">0</subfield>
    <subfield code="1">0</subfield>
    <subfield code="2">udc</subfield>
    <subfield code="4">0</subfield>
    <subfield code="6">D_02543LCSH_N82</subfield>
    <subfield code="7">0</subfield>
    <subfield code="9">11372</subfield>
    <subfield code="a">NSL</subfield>
    <subfield code="b">NSL</subfield>
    <subfield code="c">GF/Rk-2/C-15/R-1</subfield>
    <subfield code="d">1999-05-12</subfield>
    <subfield code="h">Vol. 2 (D-H); ISSN: 1048-9711; 1455-2684p.</subfield>
    <subfield code="l">0</subfield>
    <subfield code="o">D 025.43LCSH N8.2</subfield>
    <subfield code="p">178507</subfield>
    <subfield code="r">2023-03-13 00:00:00</subfield>
    <subfield code="w">2023-03-13</subfield>
    <subfield code="y">REF</subfield>
  </datafield>
  <datafield tag="952" ind1=" " ind2=" ">
    <subfield code="0">0</subfield>
    <subfield code="1">0</subfield>
    <subfield code="2">udc</subfield>
    <subfield code="4">0</subfield>
    <subfield code="6">D_02543LCSH_N83</subfield>
    <subfield code="7">0</subfield>
    <subfield code="9">11377</subfield>
    <subfield code="a">NSL</subfield>
    <subfield code="b">NSL</subfield>
    <subfield code="c">GF/Rk-2/C-15/R-1</subfield>
    <subfield code="d">1999-05-12</subfield>
    <subfield code="h">Vol. 3 (I-M); ISSN: 1048-9711; 2685-3846p.</subfield>
    <subfield code="l">0</subfield>
    <subfield code="o">D 025.43LCSH N8.3</subfield>
    <subfield code="p">178508</subfield>
    <subfield code="r">2023-03-13 00:00:00</subfield>
    <subfield code="w">2023-03-13</subfield>
    <subfield code="y">REF</subfield>
  </datafield>
  <datafield tag="952" ind1=" " ind2=" ">
    <subfield code="0">0</subfield>
    <subfield code="1">0</subfield>
    <subfield code="2">udc</subfield>
    <subfield code="4">0</subfield>
    <subfield code="6">D_02543LCSH_N84</subfield>
    <subfield code="7">0</subfield>
    <subfield code="9">11380</subfield>
    <subfield code="a">NSL</subfield>
    <subfield code="b">NSL</subfield>
    <subfield code="c">GF/Rk-2/C-15/R-1</subfield>
    <subfield code="d">1999-05-12</subfield>
    <subfield code="h">Vol. 4 (N-R); ISSN: 1048-9711; 3847-4988p.</subfield>
    <subfield code="l">0</subfield>
    <subfield code="o">D 025.43LCSH N8.4</subfield>
    <subfield code="p">178509</subfield>
    <subfield code="r">2023-03-13 00:00:00</subfield>
    <subfield code="w">2023-03-13</subfield>
    <subfield code="y">REF</subfield>
  </datafield>
  <datafield tag="952" ind1=" " ind2=" ">
    <subfield code="0">0</subfield>
    <subfield code="1">0</subfield>
    <subfield code="2">udc</subfield>
    <subfield code="4">0</subfield>
    <subfield code="6">D_02543LCSH_N85</subfield>
    <subfield code="7">0</subfield>
    <subfield code="9">11384</subfield>
    <subfield code="a">NSL</subfield>
    <subfield code="b">NSL</subfield>
    <subfield code="c">GF/Rk-2/C-15/R-1</subfield>
    <subfield code="d">1999-05-12</subfield>
    <subfield code="h">Vol. 5 (S-R); ISSN: 1048-9711; 4989-6374p.</subfield>
    <subfield code="l">0</subfield>
    <subfield code="o">D 025.43LCSH N8.5</subfield>
    <subfield code="p">178510</subfield>
    <subfield code="r">2023-03-13 00:00:00</subfield>
    <subfield code="w">2023-03-13</subfield>
    <subfield code="y">REF</subfield>
  </datafield>
</record>
